<?xml version="1.0" encoding="UTF-8"?><?xml-stylesheet type="text/xsl" href="static/style.xsl"?><OAI-PMH xmlns="http://www.openarchives.org/OAI/2.0/" xmlns:xsi="http://www.w3.org/2001/XMLSchema-instance" xsi:schemaLocation="http://www.openarchives.org/OAI/2.0/ http://www.openarchives.org/OAI/2.0/OAI-PMH.xsd"><responseDate>2026-06-01T17:45:58Z</responseDate><request verb="GetRecord" identifier="oai:riuma.uma.es:10630/9948" metadataPrefix="marc">https://riuma.uma.es/rest/oai/request</request><GetRecord><record><header><identifier>oai:riuma.uma.es:10630/9948</identifier><datestamp>2026-02-03T11:58:39Z</datestamp><setSpec>com_10630_2254</setSpec><setSpec>col_10630_37959</setSpec></header><metadata><record xmlns="http://www.loc.gov/MARC21/slim" xmlns:dcterms="http://purl.org/dc/terms/" xmlns:doc="http://www.lyncode.com/xoai" xmlns:xsi="http://www.w3.org/2001/XMLSchema-instance" xsi:schemaLocation="http://www.loc.gov/MARC21/slim http://www.loc.gov/standards/marcxml/schema/MARC21slim.xsd">
   <leader>00925njm 22002777a 4500</leader>
   <datafield ind2=" " ind1=" " tag="042">
      <subfield code="a">dc</subfield>
   </datafield>
   <datafield ind2=" " ind1=" " tag="720">
      <subfield code="a">Arias-Maldonado, Manuel Jesús</subfield>
      <subfield code="e">author</subfield>
   </datafield>
   <datafield ind2=" " ind1=" " tag="260">
      <subfield code="c">2015-06-22</subfield>
   </datafield>
   <datafield ind2=" " ind1=" " tag="520">
      <subfield code="a">De acuerdo con los datos amasados por los científicos naturales, la colonización humana de la naturaleza ha alcanzado tal grado que hay razones para pensar que hemos dejado atrás el Holoceno para adentrarnos en una&#xd;
nueva era geológica caracterizada por la influencia humana sobre el funcionamiento del sistema planetario global: el Antropoceno. Lejos de constituir una mera curiosidad científica, esta recategorización de las relaciones entre el ser humano y medio ambiente global representa un giro epistemológico de profundas consecuencias normativas, que plantea nuevos desafíos para la especie en su conjunto a la vez que nos empuja hacia esa autorrepresentación. Esta ponencia expondrá los orígenes y el contenido de esta rompedora hipótesis, prestando especial atención a la teoría política del Antropoceno.</subfield>
   </datafield>
   <datafield ind1="8" ind2=" " tag="024">
      <subfield code="a">http://hdl.handle.net/10630/9948</subfield>
   </datafield>
   <datafield tag="653" ind2=" " ind1=" ">
      <subfield code="a">Medio ambiente</subfield>
   </datafield>
   <datafield tag="653" ind2=" " ind1=" ">
      <subfield code="a">Democracia</subfield>
   </datafield>
   <datafield ind2="0" ind1="0" tag="245">
      <subfield code="a">El giro antropocénico</subfield>
   </datafield>
</record>
</metadata></record></GetRecord></OAI-PMH>